|
|
|
|
| LEADER |
00000nab a2200000 a 4500 |
| 001 |
vtls000561216 |
| 003 |
SK-MaSNL |
| 005 |
20260303223420.0 |
| 008 |
160201c xo 0 slo |
| 015 |
|
|
|a SNBRB19rr/mm-uuuuu
|
| 035 |
|
|
|a CL0561354
|
| 040 |
|
|
|a SNKBUCL
|b slo
|c SNKBUCL
|e AACR2
|
| 041 |
0 |
|
|a slo
|
| 044 |
|
|
|a xo
|c SK
|
| 080 |
|
|
|a 07(437.1/.2)
|2 1981
|
| 100 |
1 |
|
|a Hanák, Jiří
|4 aut
|9 678715
|
| 245 |
1 |
0 |
|a Tak sme sa dočkali, pán Hanák!
|c Jiří Hanák, Emília Boldišová
|
| 650 |
0 |
7 |
|a denníky české
|2 snkbucl
|9 1257893
|
| 655 |
|
7 |
|a články z novín a časopisov
|2 snkbucl
|9 267496
|
| 700 |
1 |
|
|a Boldišová, Emília,
|d 1954-2003
|4 aut
|9 103643
|
| 773 |
0 |
|
|t Slovenské národné noviny
|g Roč. 6 (10), č. 38 (1995), s. 6
|x 0862-8823
|
| 850 |
|
|
|a Slovenská národná knižnica v Martine
|a MTA001
|
| 852 |
|
|
|a SNK
|b KIS3GCP
|
| 958 |
|
|
|a RK
|
| 958 |
|
|
|a CZ
|
| 992 |
|
|
|a RBX
|
| 999 |
|
|
|c 2247708
|d 2249638
|